Normal view
MARC view
- Bhatia, Shyam S
Entry Personal Name
001 - CONTROL NUMBER
- control field: 7426
003 - CONTROL NUMBER IDENTIFIER
- control field: OSt
005 - DATE AND TIME OF LATEST TRANSACTION
- control field: 20250415144323.0
008 - FIXED-LENGTH DATA ELEMENTS
- fixed length control field: 250415|| aca||aabn | a|a d
040 ## - CATALOGING SOURCE
- Original cataloging agency: OSt
- Transcribing agency: OSt
100 ## - HEADING--PERSONAL NAME
- Personal name: Bhatia, Shyam S
670 ## - SOURCE DATA FOUND
- Source citation: Work cat.: (OSt)7479: Bhatia, Shyam S ., Elementary map work / , 1963.
